000 01951nam a22002657a 4500
999 _c1483
_d1483
003 OSt
005 20191014192852.0
008 170815b xxu||||| |||| 00| 0 esp d
040 _cDO-SdBJH
_aDO-SdBJH
_bspa
090 _aTG AAFFM
_b01015 2015
100 1 _aDe los Santos Hernández, Wilbert
_esustentante
245 1 0 _aPropuesta de modernización de la Fuerza Aérea de República Dominicana (2016-2020): Análisis diagnóstico de la Dirección de Comunicaciones y Electrónica (A-6) /
_c Wilbert De los Santos Hernández, Franshelys Yarilis Tejeda Guerrero, asesores Carlos Tello de Jesús, Tebi Enrique Rodríguez Hernández
260 _aSanto Domingo Este :
_bINSUDE,
_c2015
300 _axvii, 62 páginas, ilustraciones-mapas-fotos en anexo
502 _aTrabajo de grado (Licenciatura en Ciencias Aeronáuticas) -- Instituto Superior para la Defensa (INSUDE). -- Academia Aérea Gral. De Brigada Piloto Frank Andrés Feliz Miranda, 2015.
504 _aIncluye referencias bibliográficas e índices
505 _aAntecedentes históricos de la dirección de comunicaciones y electrónica. -- Necesidades existentes en la dirección de comunicaciones y electrónica (A-6) de la Fuerza Aérea de la República Dominicana en la actualidad. -- Propuesta de modernización de la dirección de comunicaciones y electrónica (A-6) de la Fuerza Aérea de la República Dominicana. Análisis (FODA)
650 4 _aAnálisis de la Dirección de Comunicaciones y Electrónica (A-6) -- Moderización - Equipos (propuesta)
651 4 _aRepública Dominicana. Fuerza Aérea -- Dirección de Comunicación
700 1 _aTejeda Guerrero, Franshelys Yarilis
_esustentante
700 1 _aTello de Jesús, Carlos
_easesor
700 1 _aRodríguez Hernández, Tebi Enrique
_easesor
830 _aINSUDE. Academia Aérea Gral. De Brig. Pil. Frank Andrés Feliz Miranda. Tesis y disertaciones académicas
942 _2CL
_cT